| 000 | 00841cab a22001935a 4500 | ||
|---|---|---|---|
| 001 | L158370 | ||
| 008 | 150123e20150115xxk 000 0 eng d | ||
| 035 | _a(Sirsi) u158370 | ||
| 041 | 0 | _aeng | |
| 100 | 1 | _aWood, Derek | |
| 245 | 0 | 0 | _aMaking sense of the mansion tax |
| 260 | _c2015 | ||
| 490 |
_aEstates Gazette _v(1502) 17 January 2015, 52-54(3) |
||
| 520 | _aIdentifies the practical problems that could make Labour's proposed mansion tax unworkable. Issues include the government having to devise some means of identifying the owners of homes worth over £2m, little clarity on whether tenants will be liable where the owner lets a property on market rent and further questions about what effect the tax could have on the market. | ||
| 590 | _aKA | ||
| 651 | 4 | _aUnited Kingdom | |
| 690 |
_aProperty management _96262 |
||
| 942 | _n0 | ||
| 999 |
_c84574 _d84574 |
||